11 Most Successful African Countries at the World Cup - Statistics

General Stats
  • This quiz has been taken 61 times
  • The average score is 10 of 11
Answer Stats
Points Team % Correct
22 Morocco
100%
23 Cameroon
98%
2 Egypt
98%
18 Ghana
96%
21 Nigeria
96%
18 Senegal
95%
10 Ivory Coast
93%
10 South Africa
93%
12 Algeria
91%
14 Tunisia
86%
2 Angola
77%
No matching quizzes found
Score Distribution
Percent of People with Each Score
Percentile by Number Answered
Your Score History
You have not taken this quiz